000 01162nam a2200289Ia 4500
008 130821s2008 sp a gr spa
020 _a9788480199926
040 _aCo-BoUCM
_bspa
041 0 0 _aspa
060 _aQT 255
100 1 _aVella, Mark
_9165583
245 1 0 _aMujeres anatomía & musculación para el entrenamiento de la fuerza y la condición física
_cMark Vella ; traducción :Pedro González del Campo Román , traductor ; ilustraciones de James Berrangé
246 1 3 _aMujeres anatomía y musculación
260 _aBadalona (cataluña, España)
_bEditorial Paidotribo
_c2008
300 _a144 páginas
_bilustraciones
504 _aIncluye bibliografía e índice.
650 0 4 _aAptitudes físicas de mujeres
_99286
650 0 4 _aEjercicio
_913933
650 0 4 _aFuerza muscular
_916171
650 0 4 _aMedicina deportiva
_919146
650 0 4 _aMúsculos
_919969
650 0 4 _aSistema cardiovascular
_924511
700 1 _aBerrangé, James
_eil.
_9165584
700 1 _aGonzález del Campo Román, Pedro
_etrad.
_967046
765 _tAnatomy for strength and fitness training for women
942 _cLIBRO
_a15
_e1
_mV438m
_2NLM
_hQT 255
_n0
999 _c62779
_d62779